00526nam a2200181Ia 450000500170000000800410001702000180005804100120007608200180008810000190010624500830012525000120020826000580022030000200027865000180029865000130031665000150032920260429112151.0260429s9999||||xx |||||||||||||| ||und|| a9781009445337 aEnglish a344.5401bROU aRouth, Supriya 0aLabour justice : ba constitutional evaluation of labour law / cSupriya Routh a1st ed. aUnited Kingdom : bCambridge University Press,c2024. axxv, 230 p.; hb a Constitution a justice aLabour law